000 00486nam a2200181Ia 4500
001 2270
005 20260306143830.0
008 260306t1997||||xx |||||||||||||| ||spa||
041 _aESP
082 _a616.851
_bF81
100 _aFrankl, Viktor E..
_eAUT
245 0 _aTeoría y terapia de las neurosis:
_biniciación a la logoterapia y al análisis existencial
260 _c1997
300 _a292 páginas :
_c22 cm.
650 _aGEN
654 _aCPS
942 _cLIB
_dJUS
_fJUS
_2ddc
_n
999 _c2270
_d2270